|
|
|
|
| LEADER |
01061nam a2200277 a 4500 |
| 001 |
13598906 |
| 008 |
110223s2010 gw a b 001 0 eng d |
| 010 |
|
|
|a 2004299674
|
| 020 |
|
|
|a 3540402861 (hd.bd.)
|
| 020 |
|
|
|a 9783642073113
|
| 040 |
|
|
|a OHX
|c OHX
|d AZS
|d DLC
|d BD-DhAAL
|
| 082 |
0 |
0 |
|a 519.6
|2 22
|
| 100 |
1 |
|
|a Kellerer, Hans.
|
| 245 |
1 |
0 |
|a Knapsack problems /
|c Hans Kellerer, Ulrich Pferschy, David Pisinger.
|
| 260 |
|
|
|a Berlin ;
|a New York :
|b Springer,
|c c2010.
|
| 300 |
|
|
|a xx, 546 p. :
|b ill. ;
|c 25 cm.
|
| 500 |
|
|
|a with 105 figures and 33 tables.
|
| 504 |
|
|
|a Includes bibliographical references (p. [495]-525) and indexes.
|
| 541 |
1 |
|
|e 00021971
|
| 650 |
|
0 |
|a Knapsack problem (Mathematics)
|
| 650 |
|
0 |
|a Mathematical optimization.
|
| 700 |
1 |
|
|a Pferschy, Ulrich.
|
| 700 |
1 |
|
|a Pisinger, D.
|q (David)
|
| 852 |
4 |
|
|a Ayesha Abed Library
|j General shelf
|
| 999 |
|
|
|c 10477
|d 10477
|
| 952 |
|
|
|0 0
|1 0
|2 ddc
|4 0
|6 519_600000000000000_KEL
|7 0
|9 14429
|a BRACUL
|b BRACUL
|c GEN
|d 2011-02-24
|e Karim International
|g 13.00
|l 0
|o 519.6 KEL
|p 3010021971
|r 2011-02-24
|t 1
|w 2011-02-24
|y BK
|